Control de calidad de productos agropecuarios

Bibliographic Details
Format: Section = Libro
Language:Undetermined
Spanish
Published: México Trillas 1990
Edition:2a.ed
Subjects:
LEADER 00626nam a2200229Ia 4500
008 240830s9999 xx 000 0 und d
020 |a 968-24-4055-6 
040 |a CEDOC FIQ-RUSB / 637.14 C764 
041 |a spa 
082 |a 637.14 C764 
245 1 0 |a Control de calidad de productos agropecuarios 
250 |a 2a.ed 
260 |a México  |b Trillas  |c 1990 
300 |a 102 p. :il 
650 7 |a PRODUCTOS AGROPECUARIOS 
650 7 |b  CALIDAD DE LOS PRODUCTOS 
650 7 |c  ANALISIS QUIMICO 
650 7 |d  ANALISIS FISICO 
650 7 |e  CONTROL SANITARIO DE AGUAS Y DESECHOS 
942 |c BK  |2 ddc 
991 |a TEXTO 
999 |c 13057